| 000 | 00674 a2200181 4500 | ||
|---|---|---|---|
| 020 | _a8120327276 | ||
| 020 | _a9788120327276 | ||
| 082 | _a620.1 | ||
| 090 |
_c1188 _d1188 |
||
| 100 | 1 | _aPaul, Akshoy Ranjan. | |
| 245 | 1 | 0 |
_aMechanical sciences : _bengineering thermodynamics and fluid mechanics / _cAkshoy Ranjan Paul, Sanchayan Mukherjee, Pijush Roy. |
| 260 |
_a[S.l.] : _bPrentice-Hall of India Pvt.Ltd, _c2005. |
||
| 300 |
_a604 p. ; _c24 cm. |
||
| 700 | 1 | _aMukherjee, Sanchayan. | |
| 700 | 1 | _aRoy, Pijush. | |
| 942 |
_aSNS _cBK _k620.1 PAU |
||
| 999 |
_c67362 _d67362 |
||